futbolistas de la liga mx #1 - Estadísticas

Estadísticas generales
  • Esta prueba ha sido intentada 75 veces
  • La puntuación promedio es 12 de 16
Estadísticas de respuestas
Imagen Respuesta % Correcto
HENRY MARTIN
95%
CESAR HUERTA
92%
FUNES MORI
92%
PIOJO ALVARADO
91%
JESUS GALLARDO
89%
URIEL ANTUNA
89%
CARLOS SALCEDO
78%
RODOLFO COTA
78%
ISAAC BRIZUELA
75%
RODOLFO ROTONDI
69%
AVILES HURTADO
66%
SEBASTIAN CORDOBA
66%
BRIAN RODRIGUEZ
58%
NICOLAS BENEDETTI
55%
RICARDO CHAVEZ
42%
VILLALPANDO
32%
No se encontraron pruebas coincidentes
Distribución de puntuación
Porcentaje de gente con cada puntuación
Porcentaje por número respondido
Historial de tus puntuaciones
No has intentado esta prueba.